00354nam a22000857a 4500008004100000040005500041245011100096260005100207300001000258230726b |||||||| |||| 00| 0 eng d aNational Science LibrarycNational Science Library aNational science foundation grants and awards: bGrants and awards for the fiscal year ended June 30, 1970 aWashington: bUS Government Department, c1970 a167p.